The world terrorist organizations / (Record no. 139107)

MARC details
000 -LEADER
fixed length control field 00522nam a22001817a 4500
005 - DATE AND TIME OF LATEST TRANSACTION
control field 20170420171154.0
010 ## - LCCN (DPL NO)
LC control number ENG-117783
020 ## - INTERNATIONAL STANDARD BOOK NUMBER
International Standard Book Number 9789381311103
Terms of availability 895.00
035 ## - SYSTEM CONTROL NUMBER
System control number EN-101315
037 ## - SOURCE OF ACQUISITION
Source of stock number/acquisition DBAD/PUB
082 ## - DEWEY DECIMAL CLASSIFICATION NUMBER
Classification number 363.325
100 ## - MAIN ENTRY--PERSONAL NAME
Personal name K.K.Singh
245 ## - TITLE STATEMENT
Title The world terrorist organizations /
Statement of responsibility, etc by K.K.Singh
260 ## - PUBLICATION, DISTRIBUTION, ETC. (IMPRINT)
Place of publication, distribution, etc Delhi
Name of publisher, distributor, etc Global Exchange Publishers
Date of publication, distribution, etc 2016
270 ## - ADDRESS
Address 1362, Kashmere Gate
City Delhi
Postal code 110006
300 v# - PHYSICAL DESCRIPTION
Extent xv,343p.
Dimensions 22cm (Hb)
942 ## - ADDED ENTRY ELEMENTS (KOHA)
Source of classification or shelving scheme Dewey Decimal Classification
Item type English Books
Call number suffix SIN
Classification part 363.325
Holdings
Withdrawn status Lost status Not for loan Collection code Home library Current library Date acquired Source of acquisition Cost, normal purchase price Full call number Barcode Copy number Cost, replacement price Koha item type
      Non-fiction Patel Nagar Patel Nagar 20/04/2017 DBAD/PUB 895.00 363.325 SIN EN-101315 1 895.00 English Books

© Delhi Public Library
Hit Counter
free hit counter